Central Library OPAC University of Rajshahi

The old English newspaper / (Record no. 20521)

MARC details
000 -LEADER
fixed length control field 00878nam a2200253 a 4500
001 - CONTROL NUMBER
control field 20521
003 - CONTROL NUMBER IDENTIFIER
rucl marc code BD-RjUL
005 - DATE AND TIME OF LATEST TRANSACTION
control field 20211209000557.0
008 - FIXED-LENGTH DATA ELEMENTS--GENERAL INFORMATION
fixed length control field 880808s1933 enkah 000 0 eng
035 ## - SYSTEM CONTROL NUMBER
System control number (BD-RjUL)20583
System control number (OCoLC)4119537
040 ## - CATALOGING SOURCE
Original cataloging agency DLC
Transcribing agency CWR
Modifying agency UkOxU
Language of cataloging eng
041 ## - LANGUAGE CODE
Language code of text/sound track or separate title eng
082 ## - DEWEY DECIMAL CLASSIFICATION NUMBER
Edition number 23
Classification number 072
Author mark and year RIO 1933
100 1# - MAIN ENTRY--PERSONAL NAME
Personal name Richardson, Herbert,
9 (RLIN) 222203
245 14 - TITLE STATEMENT
Title The old English newspaper /
Statement of responsibility, etc. by Mrs. Herbert Richardson
260 ## - PUBLICATION, DISTRIBUTION, ETC. (IMPRINT)
Place of publication, distribution, etc. [London :
Name of publisher, distributor, etc. H. Milford, Oxford university press],
Date of publication, distribution, etc. 1933
300 ## - PHYSICAL DESCRIPTION
Pagination 22 p. :
Illustrations ill. ;
Size 25 cm
490 1# - SERIES STATEMENT
Series statement Pamphlet / The English Association ;
Volume/sequential designation no.86
500 ## - GENERAL NOTE
General note "Partly recast from a lantern lecture delivered to the English Association in November, 1932."
650 #0 - SUBJECT ADDED ENTRY--TOPICAL TERM
Topical term or geographic name as entry element English newspapers
General subdivision History.
9 (RLIN) 222204
830 ## - SERIES ADDED ENTRY--UNIFORM TITLE
Uniform title Pamphlet / The English Association ;
Volume number/sequential designation no.86
942 ## - ADDED ENTRY ELEMENTS (KOHA)
Source of classification or shelving scheme Dewey Decimal Classification
Koha item type Rare Books
Holdings
Lost status Source of classification or shelving scheme Damaged status Not for loan Collection code Permanent Location Current Location Shelving location Date acquired Source of acquisition Cost, normal purchase price Total Checkouts Full call number Date last seen Copy number Koha item type
  Dewey Decimal Classification   Not For Loan Rare Books Central Library, University of Rajshahi Central Library, University of Rajshahi Rare Book Section 18/11/1957 Oxford University Press, Dacca 4.10   RA 072 RIO 1933 07/08/2018 C-1 Rare Books